Ejercicios de física /

Guardado en:
Autor Principal: Cabrera, Ricardo
Formato: Libro
Publicado: Buenos Aires : Eudeba, 2010
Series:No me salen
Materias:
Etiquetas: Agregar Etiqueta
Sin Etiquetas, Sea el primero en etiquetar este registro!
LEADER 00750nam a22002415a 4500
001 CEM.cems013657
005 20120416120443.0
008 130507s2010##################000#0#####d
003 CEMS
020 |a 9789502317328 
082 0 4 |a 530 
100 1 |a Cabrera, Ricardo 
245 1 0 |a Ejercicios de física /  |c Ricardo Cabrera 
260 |a Buenos Aires :  |b Eudeba,  |c 2010 
300 |a 272 p. 
490 0 |a No me salen 
505 0 |a Cap. 1: Cinemática -- Cap. 2: Dinámica -- Estática -- Cap. 3: Trabajo y energía -- Ley de Conservación -- Ejercicios resueltos.- 
653 |a Física 
653 |a Trabajo 
653 |a Potencia 
653 |a Cinemática vectorial 
653 |a Ejercicios 
859 |a CEMS  |b BIB. CEMS - 11 de abril  |h 530  |i C112  |p 26330.12  |t Ej.1